[Event "Aragon-chT Preferente Gr-I"]
[Site "Aragon"]
[Date "2019.01.26"]
[Round "1.45"]
[White "Antonano Fedz Quincoces, Avelino"]
[Black "Hernandez Delgado, Gabriel"]
[Result "1-0"]
[WhiteElo "2164"]
[BlackElo "1894"]
[PlyCount "63"]
[EventDate "2019.01.26"]
[EventType "team-tourn"]
[EventRounds "9"]
[EventCountry "ESP"]
[SourceTitle "EXT 2020"]
[Source "ChessBase"]
[SourceDate "2019.10.17"]
[SourceVersion "1"]
[SourceVersionDate "2019.10.17"]
[SourceQuality "1"]
[WhiteTeam "St Casablanca III"]
[BlackTeam "El Olivar III"]
[WhiteTeamCountry "ESP"]
[BlackTeamCountry "ESP"]

1. e4 d5 2. exd5 Nf6 3. c4 e6 4. Nc3 exd5 5. cxd5 Nxd5 6. Bc4 Nb6 7. Bb3 Nc6 8. Nge2 Bc5 9. 0-0 0-0 10. Ne4 Bd4 11. N2c3 Ne5 12. Kh1 Bg4 13. f3 Bh5 14. Ng3 Qh4 15. Nxh5 Qxh5 16. Ne2 Nc6 17. d3 Rad8 18. Ng3 Qb5 19. a4 Qc5 20. Ne4 Qf5 21. Bg5 Rd7 22. g4 Qa5 23. Bd2 Nb4 24. Rc1 c5 25. Qe1 N6d5 26. Rc4 Qb6 27. a5 Qb5 28. Qd1 Qxa5 29. Rxd4 cxd4 30. Bxd5 Rxd5 31. Qe1 Rb5 32. Nd6 1-0

[Event "Aragon-ch Seniors-B"]
[Site "Zaragoza"]
[Date "2017.06.03"]
[Round "7"]
[White "Hernandez Delgado, Gabriel"]
[Black "Brosa Soto, Jesus"]
[Result "0-1"]
[WhiteElo "1874"]
[BlackElo "1967"]
[PlyCount "96"]
[EventDate "2017.04.22"]
[EventType "swiss"]
[EventRounds "8"]
[EventCountry "ESP"]
[SourceTitle "EXT 2019"]
[Source "ChessBase"]
[SourceDate "2018.10.10"]
[SourceVersion "1"]
[SourceVersionDate "2018.10.10"]
[SourceQuality "1"]

1. Nf3 Nf6 2. g3 d5 3. c4 c6 4. b3 Bg4 5. Bg2 e6 6. Bb2 Nbd7 7. 0-0 Bd6 8. d4 Qc7 9. Nc3 h6 10. cxd5 exd5 11. Rc1 a6 12. Qd3 0-0 13. Nh4 Nb6 14. h3 Bd7 15. Nf5 Rfe8 16. Nxd6 Qxd6 17. Rc2 Qe6 18. e3 Nc8 19. Ba3 Nd6 20. Bxd6 Qxd6 21. b4 g6 22. Rb2 Bf5 23. Qd2 h5 24. h4 Re7 25. a4 Rae8 26. Re1 Ng4 27. Nd1 Bd7 28. Qe2 Nh6 29. Qf1 Nf5 30. Ree2 Qf6 31. Red2 g5 32. hxg5 Qxg5 33. Bh3 Nd6 34. f4 Bxh3 35. Qxh3 Qg4 36. Qxg4+ hxg4 37. Rd3 Nf5 38. Kf2 Re4 39. b5 axb5 40. axb5 Ra8 41. bxc6 bxc6 42. Rc3 Re6 43. Rd2 Nd6 44. Rdc2 Ne4+ 45. Kg2 Nxc3 46. Rxc3 Ra2+ 47. Kf1 Rd2 48. Ke1 Rxd4 0-1

[Event "ESP-ch Seniors 65"]
[Site "Altea"]
[Date "2016.10.14"]
[Round "7"]
[White "Hernandez Delgado, Gabriel"]
[Black "Dominguez Rueda, Juan"]
[Result "1-0"]
[WhiteElo "1883"]
[BlackElo "2116"]
[PlyCount "127"]
[EventDate "2016.10.09"]
[EventType "swiss"]
[EventRounds "9"]
[EventCountry "ESP"]
[SourceTitle "EXT 2024"]
[Source "ChessBase"]
[SourceDate "2023.10.10"]
[SourceVersion "1"]
[SourceVersionDate "2023.10.10"]
[SourceQuality "1"]

1. Nf3 d6 2. d3 e5 3. e4 Nf6 4. g3 g6 5. Bg2 Bg7 6. Nbd2 0-0 7. a4 c6 8. 0-0 Nbd7 9. Nc4 Qc7 10. Re1 Nb6 11. b3 Rd8 12. Bb2 Ne8 13. Ne3 h6 14. a5 Nd7 15. Qe2 Nf8 16. d4 Ne6 17. dxe5 dxe5 18. Nc4 Nd4 19. Nxd4 exd4 20. e5 Be6 21. Rad1 Bxc4 22. Qxc4 Bxe5 23. a6 Nd6 24. Qc5 Bg7 25. Bxd4 b6 26. Qxc6 Qxc6 27. Bxc6 Rac8 28. Bxg7 Kxg7 29. Bg2 Kf8 30. Rd2 Nb5 31. Red1 Rxd2 32. Rxd2 Ke7 33. c4 Nc7 34. Kf1 Rd8 35. Re2+ Kd6 36. Rd2+ Ke7 37. Rxd8 Kxd8 38. Bb7 Kd7 39. Ke2 Kd6 40. b4 Ke5 41. Ke3 f6 42. f4+ Ke6 43. Bc8+ Ke7 44. Kd4 Kd6 45. Bb7 Ne6+ 46. Ke4 Nc7 47. Bc8 Ne8 48. Kd4 Nc7 49. h4 Kc6 50. g4 Ne8 51. Be6 Nc7 52. Bf7 g5 53. hxg5 hxg5 54. fxg5 fxg5 55. Ke5 Kd7 56. b5 Ke7 57. Bg8 Kf8 58. Bh7 Ne8 59. Bf5 Ke7 60. Kd5 Nd6 61. Bd3 Nf7 62. c5 bxc5 63. b6 axb6 64. a7 1-0

[Event "Aragon-chT Preferente A"]
[Site "Aragon"]
[Date "2016.03.12"]
[Round "7.31"]
[White "Hernandez Delgado, Gabriel"]
[Black "Larios Villa, Francisco Javier"]
[Result "1/2-1/2"]
[WhiteElo "1905"]
[BlackElo "1922"]
[PlyCount "83"]
[EventDate "2016.01.30"]
[EventType "team-tourn"]
[EventRounds "9"]
[EventCountry "ESP"]
[SourceTitle "EXT 2018"]
[Source "ChessBase"]
[SourceDate "2017.10.13"]
[SourceVersion "1"]
[SourceVersionDate "2017.10.13"]
[SourceQuality "1"]
[WhiteTeam "El Olivar III"]
[BlackTeam "Ejea"]
[WhiteTeamCountry "ESP"]
[BlackTeamCountry "ESP"]

1. Nf3 Nf6 2. g3 g6 3. Bg2 Bg7 4. 0-0 0-0 5. d3 d6 6. Nbd2 e5 7. e4 Nh5 8. c3 c6 9. d4 Bg4 10. Nc4 exd4 11. cxd4 b5 12. Ne3 Bd7 13. b4 Na6 14. Rb1 Nc7 15. d5 cxd5 16. exd5 Rc8 17. Nd4 Na8 18. Nc6 Bxc6 19. dxc6 Nb6 20. Bb2 Qc7 21. Nd5 Nxd5 22. Qxd5 a6 23. Bxg7 Nxg7 24. g4 Rfe8 25. Rbd1 Rcd8 26. Rfe1 Ne6 27. Re4 Qb6 28. Rc1 Kf8 29. g5 Re7 30. Rh4 Kg8 31. Qd2 d5 32. Bh3 Nc7 33. Bd7 Re5 34. Qf4 Re2 35. Rc5 Rf8 36. Qf6 Rxa2 37. Rc3 Ne6 38. Bxe6 fxe6 39. Qxe6+ Rf7 40. Qe8+ Rf8 41. Qe6+ Rf7 42. Qe8+ 1/2-1/2

[Event "Aragon-chT Preferente B"]
[Site "Aragon"]
[Date "2015.02.28"]
[Round "6.62"]
[White "Hernandez Delgado, Gabriel"]
[Black "Carruez Berges, Santiago"]
[Result "0-1"]
[WhiteElo "1925"]
[BlackElo "2084"]
[PlyCount "144"]
[EventDate "2015.01.24"]
[EventType "team-tourn"]
[EventRounds "9"]
[EventCountry "ESP"]
[SourceTitle "EXT 2017"]
[Source "ChessBase"]
[SourceDate "2016.10.25"]
[SourceVersion "1"]
[SourceVersionDate "2016.10.25"]
[SourceQuality "1"]
[WhiteTeam "El Olivar III"]
[BlackTeam "Agrupacion II"]
[WhiteTeamCountry "ESP"]
[BlackTeamCountry "ESP"]

1. Nf3 g6 2. g3 Bg7 3. Bg2 e5 4. d3 Ne7 5. e4 0-0 6. 0-0 Nbc6 7. c3 d6 8. h3 h6 9. Be3 Kh7 10. d4 d5 11. Nxe5 Nxe5 12. dxe5 dxe4 13. Bc5 Qxd1 14. Rxd1 Re8 15. Nd2 Nc6 16. Nxe4 Nxe5 17. Bd4 f5 18. Nc5 c6 19. f4 Nc4 20. Bxg7 Kxg7 21. b3 Ne3 22. Re1 Kf7 23. Bf3 Nd5 24. Rxe8 Kxe8 25. c4 Ne7 26. Re1 Kf7 27. Nd3 Be6 28. Ne5+ Kf6 29. Rd1 Re8 30. Kf2 Nc8 31. Rd4 Rg8 32. Nd3 Ke7 33. Nc5 Nd6 34. Rd1 Bc8 35. Re1+ Kf6 36. h4 g5 37. hxg5+ hxg5 38. Rh1 b6 39. Nd3 Ne4+ 40. Bxe4 fxe4 41. Ne5 gxf4 42. gxf4 Kf5 43. Rh4 c5 44. Nc6 Rg7 45. Ne5 Bb7 46. Ke3 Rg3+ 47. Kf2 Rc3 48. Nf7 Rd3 49. Nh6+ Kg6 50. Ke2 Rc3 51. Ng8 Rc2+ 52. Ke3 Rxa2 53. Ne7+ Kf6 54. Nd5+ Bxd5 55. cxd5 Ra3 56. Kxe4 Rxb3 57. Rh6+ Kg7 58. Re6 Kf7 59. f5 Rb1 60. d6 Rd1 61. Re7+ Kf8 62. Ke5 Re1+ 63. Kf6 Rd1 64. d7 Rd6+ 65. Re6 Rxd7 66. Rc6 Rf7+ 67. Kg6 Rg7+ 68. Kh6 Rg1 69. Rc7 a5 70. Rb7 a4 71. Rxb6 Kf7 72. Ra6 Rg3 0-1

[Event "Benidorm op U2000 13th"]
[Site "Benidorm"]
[Date "2014.12.02"]
[Round "5"]
[White "Goodfellow, Russell Robert"]
[Black "Hernandez Delgado, Gabriel"]
[Result "1-0"]
[WhiteElo "1805"]
[BlackElo "1923"]
[PlyCount "69"]
[EventDate "2014.11.28"]
[EventType "swiss"]
[EventRounds "10"]
[EventCountry "ESP"]
[SourceTitle "CBM 163 Extra"]
[Source "ChessBase"]
[SourceDate "2014.12.23"]
[SourceVersion "1"]
[SourceVersionDate "2014.12.23"]
[SourceQuality "1"]

1. e4 d5 2. exd5 Nf6 3. Bb5+ Bd7 4. Bc4 Bg4 5. f3 Bf5 6. Nc3 Nbd7 7. Qe2 Nb6 8. Bb3 Qd7 9. Qe5 0-0-0 10. Nb5 Nfxd5 11. Nxa7+ Kb8 12. Nb5 f6 13. Qe2 e5 14. a4 Bc5 15. d3 Nb4 16. Be3 Bd4 17. 0-0-0 Rhe8 18. Qd2 c5 19. Ne2 Be6 20. Nexd4 exd4 21. Bf4+ Ka8 22. Nc7+ Ka7 23. Nxe6 Rxe6 24. Bc7 Qxc7 25. Bxe6 Nxa4 26. Bb3 Qa5 27. Rde1 Nc3 28. Qf4 Qa1+ 29. Kd2 Qxb2 30. Qc7 Nb1+ 31. Rxb1 Qc3+ 32. Kd1 Re8 33. Qa5+ Kb8 34. Qb5 Nc6 35. Bd5 1-0

[Event "Aragon-chT Preferente A"]
[Site "Aragon"]
[Date "2013.03.02"]
[Round "6.47"]
[White "Mombiela de Sus, Jose Luis"]
[Black "Hernandez Delgado, Gabriel"]
[Result "1/2-1/2"]
[WhiteElo "2030"]
[BlackElo "1974"]
[PlyCount "96"]
[EventDate "2013.01.26"]
[EventType "team"]
[EventRounds "9"]
[EventCountry "ESP"]
[SourceTitle "EXT 2014"]
[Source "ChessBase"]
[SourceDate "2013.11.20"]
[SourceVersion "1"]
[SourceVersionDate "2013.11.20"]
[SourceQuality "1"]
[WhiteTeam "Las Fuentes"]
[BlackTeam "El Olivar III"]
[WhiteTeamCountry "ESP"]
[BlackTeamCountry "ESP"]

1. c4 e5 2. g3 Nf6 3. Bg2 d5 4. cxd5 Nxd5 5. Nc3 Nb6 6. Nf3 Nc6 7. 0-0 Be7 8. a3 0-0 9. b4 Be6 10. Bb2 f6 11. d3 a5 12. b5 Nd4 13. Nd2 Qc8 14. e3 Nf5 15. Qc2 a4 16. Rac1 Ra5 17. Rfe1 Nd6 18. Nde4 Nxb5 19. Nxb5 Rxb5 20. Qxc7 Qxc7 21. Rxc7 Nd5 22. Rc2 Rb3 23. Nd2 Rb5 24. Bf1 Rc8 25. Rxc8+ Bxc8 26. Rc1 Bd7 27. Rc2 Rc5 28. Rxc5 Bxc5 29. Bg2 Bc6 30. Kf1 b5 31. Ne4 Bxe3 32. Nc3 Nxc3 33. Bxc6 Bd4 34. Bxc3 Bxc3 35. Bxb5 Bb2 36. Bxa4 Bxa3 37. g4 g5 38. Bd7 Kf7 39. Bf5 h6 40. f3 Ke7 41. Ke2 Bc5 42. Kd2 Bd4 43. h3 Kd6 44. Be4 Kc5 45. Bf5 Bf2 46. Ke2 Bg3 47. Be4 Kd4 48. Bf5 Bf4 1/2-1/2

[Event "Aragon-chT Preferente A"]
[Site "Aragon"]
[Date "2013.02.23"]
[Round "5.42"]
[White "Ballonga Arruebo, Alejandro"]
[Black "Hernandez Delgado, Gabriel"]
[Result "0-1"]
[WhiteElo "1706"]
[BlackElo "1974"]
[PlyCount "50"]
[EventDate "2013.01.26"]
[EventType "team"]
[EventRounds "9"]
[EventCountry "ESP"]
[SourceTitle "EXT 2014"]
[Source "ChessBase"]
[SourceDate "2013.11.20"]
[SourceVersion "1"]
[SourceVersionDate "2013.11.20"]
[SourceQuality "1"]
[WhiteTeam "Shatranj"]
[BlackTeam "El Olivar III"]
[WhiteTeamCountry "ESP"]
[BlackTeamCountry "ESP"]

1. c4 e5 2. Nc3 Nf6 3. Nf3 Nc6 4. g3 d5 5. cxd5 Nxd5 6. Bg2 Nb6 7. 0-0 Be7 8. d4 exd4 9. Nb5 0-0 10. Bf4 Nd5 11. Rc1 Nxf4 12. gxf4 Bf6 13. Qa4 Bd7 14. Rfd1 a6 15. Na3 Qe7 16. Qb3 Rab8 17. Nc2 Be6 18. Qa4 b5 19. Qxa6 Rb6 20. Qa3 Qxa3 21. Nxa3 d3 22. Rxd3 Bxb2 23. Rc2 Bf6 24. Nxb5 Nb4 25. Nxc7 Nxc2 0-1

[Event "Aragon-chT Preferente A"]
[Site "Aragon"]
[Date "2013.02.09"]
[Round "3.46"]
[White "Roche Simon, Manuel Angel"]
[Black "Hernandez Delgado, Gabriel"]
[Result "1-0"]
[WhiteElo "2134"]
[BlackElo "1974"]
[PlyCount "65"]
[EventDate "2013.01.26"]
[EventType "team"]
[EventRounds "9"]
[EventCountry "ESP"]
[SourceTitle "EXT 2014"]
[Source "ChessBase"]
[SourceDate "2013.11.20"]
[SourceVersion "1"]
[SourceVersionDate "2013.11.20"]
[SourceQuality "1"]
[WhiteTeam "Delicias CCOO"]
[BlackTeam "El Olivar III"]
[WhiteTeamCountry "ESP"]
[BlackTeamCountry "ESP"]

1. e4 d5 2. exd5 Nf6 3. d4 Nxd5 4. c4 Nb6 5. Be3 e5 6. Nf3 exd4 7. Qxd4 Bb4+ 8. Nbd2 0-0 9. a3 Be7 10. Qc3 c5 11. 0-0-0 Bf5 12. Nb3 Qc8 13. Ne5 N8d7 14. Bf4 Bf6 15. Qg3 Nxe5 16. Bxe5 Bxe5 17. Qxe5 Be6 18. Nd2 Qc6 19. Bd3 Qa4 20. h4 Nxc4 21. Nxc4 Bxc4 22. Qe4 g6 23. Qxc4 Qc6 24. h5 Qf6 25. hxg6 hxg6 26. Qh4 Qg7 27. f4 c4 28. Bc2 f5 29. g4 Rf6 30. gxf5 Rb6 31. Rd8+ Rxd8 32. Qxd8+ Qf8 33. Rh8+ 1-0

[Event "Alcudia Belleuve"]
[Site "Alcudia"]
[Date "2012.10.21"]
[Round "9.8"]
[White "Fiol Company, Juan"]
[Black "Hernandez Delgado, Gabriel"]
[Result "0-1"]
[WhiteElo "1934"]
[BlackElo "1987"]
[PlyCount "68"]
[EventDate "2012.10.14"]
[EventType "swiss"]
[EventRounds "9"]
[EventCountry "ESP"]
[SourceTitle "EXT 2024"]
[Source "ChessBase"]
[SourceDate "2023.10.10"]
[SourceVersion "1"]
[SourceVersionDate "2023.10.10"]
[SourceQuality "1"]

1. e4 d5 2. exd5 Nf6 3. d4 Nxd5 4. c4 Nb6 5. Nc3 Bf5 6. Qf3 Bc8 7. c5 N6d7 8. Bc4 e6 9. Bf4 Nc6 10. 0-0-0 a6 11. Qg3 Qf6 12. Nf3 b5 13. Bg5 Qg6 14. Bd3 Qh5 15. Qxc7 Be7 16. Bf4 Nb4 17. Qa5 Nxd3+ 18. Rxd3 Qf5 19. Nxb5 Qxf4+ 20. Kc2 0-0 21. Nc3 Bb7 22. Qa4 Nb8 23. Re1 Bf6 24. Qc4 a5 25. Ne2 Qf5 26. Ng3 Qg6 27. Qa4 Ba6 28. Ree3 Rd8 29. h4 h5 30. Kd2 Bxd3 31. Rxd3 Nd7 32. Qc4 Rab8 33. c6 Rbc8 34. Ke2 Nb8 0-1

[Event "Aragon-chT Preferente-B"]
[Site "Spain"]
[Date "2011.02.19"]
[Round "3.2"]
[White "Hernandez Delgado, Gabriel"]
[Black "Martin Diaz, Eduardo"]
[Result "1-0"]
[WhiteElo "1976"]
[BlackElo "1936"]
[PlyCount "129"]
[EventDate "2011.02.05"]
[EventType "team-tourn"]
[EventRounds "9"]
[EventCountry "ESP"]
[SourceTitle "EXT 2013"]
[Source "ChessBase"]
[SourceDate "2012.11.22"]
[SourceVersion "1"]
[SourceVersionDate "2012.11.22"]
[SourceQuality "1"]
[WhiteTeam "Olivar III"]
[BlackTeam "Ramiro II"]
[WhiteTeamCountry "ESP"]
[BlackTeamCountry "ESP"]

1. Nf3 Nf6 2. d4 g6 3. e3 Bg7 4. Bd3 d5 5. 0-0 0-0 6. b3 c5 7. Bb2 cxd4 8. exd4 Nc6 9. a3 b6 10. Nbd2 Bb7 11. Re1 Rc8 12. Rc1 e6 13. Ne5 Nxe5 14. dxe5 Nd7 15. b4 a5 16. Bd4 axb4 17. axb4 Nb8 18. b5 Nd7 19. Qe2 Qe7 20. Qe3 Nc5 21. Ra1 Ra8 22. Bf1 Rfc8 23. c4 h5 24. cxd5 Bxd5 25. Nc4 Bxc4 26. Bxc4 Kh7 27. Bxc5 Qxc5 28. Qxc5 bxc5 29. Ra6 Rxa6 30. bxa6 Ra8 31. f4 Bh6 32. g3 g5 33. fxg5 Bxg5 34. h4 Bd2 35. Re2 Bc3 36. Kf2 Kg6 37. Kf3 Bd4 38. Ke4 Ra7 39. Ra2 Kg7 40. Bb5 Bc3 41. Bc6 Bb4 42. Bb7 Be1 43. Kd3 Kh6 44. Rg2 Ba5 45. Kc4 Bc7 46. Re2 Kg6 47. Kxc5 Kf5 48. Rf2+ Kg6 49. Rf6+ Kg7 50. Kd4 Bb6+ 51. Ke4 Bc5 52. Rf3 Bb6 53. Rc3 Bf2 54. Kf4 Kg6 55. Rc7 Bb6 56. Rc8 Bd4 57. Rd8 Bb6 58. Rg8+ Kh7 59. Ra8 Rxa8 60. Bxa8 Kg6 61. Be4+ f5 62. Bc6 Ba7 63. Be8+ Kh6 64. Bf7 Kg7 65. Bxe6 1-0